Market driven organization (Record no. 149923)

MARC details
000 -LEADER
fixed length control field 00332nam a2200133Ia 4500
008 - FIXED-LENGTH DATA ELEMENTS--GENERAL INFORMATION
fixed length control field 161229s9999 xx 000 0 und d
020 ## - INTERNATIONAL STANDARD BOOK NUMBER
International Standard Book Number 0684864673
082 ## - DEWEY DECIMAL CLASSIFICATION NUMBER
Classification number 658. 8 DAY/MA
100 ## - MAIN ENTRY--PERSONAL NAME
Personal name Day, George S
245 ## - TITLE STATEMENT
Title Market driven organization
260 ## - PUBLICATION, DISTRIBUTION, ETC. (IMPRINT)
Name of publisher, distributor, etc. The free press
Place of publication, distribution, etc. New York
Date of publication, distribution, etc. 1999
300 ## - PHYSICAL DESCRIPTION
Extent xii, 285
942 ## - ADDED ENTRY ELEMENTS (KOHA)
Koha item type Books (General)
Holdings
Withdrawn status Lost status Damaged status Not for loan Home library Current library Date acquired Total Checkouts Full call number Barcode Date last seen Price effective from Koha item type Public note
        KAU Central Library, Thrissur KAU Central Library, Thrissur 29/12/2016   658. 8 DAY/MA 901232 29/12/2016 29/12/2016 Books (General) Book transferred from CCBM Library ,Acc.No:8422
Kerala Agricultural University Central Library
Thrissur-(Dt.), Kerala Pin:- 680656, India
Ph : (+91)(487) 2372219
E-mail: librarian@kau.in
Website: http://library.kau.in/